Statystyki dla Co to za flaga - Level Niemożliwy

Kliknij tutaj aby rozwiązać quiz!

Ogólne statystyki

  • Ten quiz został rozwiązany 29 razy
  • Średni wynik to 4 z 41

Statystyki odpowiedzi

Odpowiedź% Poprawnych
Korsyka
52%
Gdańsk
39%
Krzyżacy/ Zakon Krzyżacki
30%
Mali
30%
Wyspy Kokosowe
30%
Dynastia Qing
26%
Etiopia
22%
Imperium Osmańskie
22%
Tajlandia
22%
Bydgoszcz
17%
Toruń
17%
Beneluks/Benelux
13%
Moskwa
13%
S.H.I.E.L.D
13%
Komunizm
9%
Stany Zjednoczone Brazylii
9%
Teksas/Republika Teksasu
9%
Bejrut
4%
Bogota
4%
Budapeszt
4%
Busan
4%
Florencja
4%
Half-Life/Odwrócone Half-Life/Half-Life Odwrócone
4%
Majowie
4%
Przemyśl
4%
San Escobar
4%
Weganie/Flaga Weganów
4%
Bora-Bora
0%
Cesarska Armia Japońska
0%
Gan Ning
0%
Hel
0%
Katmandu
0%
Konfederacja Peruwiańsko-Boliwijska
0%
Krzysztof Kolumb/Flaga Krzysztofa Kolumba
0%
Milk Tea Alliance/Organizacja Mlecznej Herbaty/Sojusz Mlecznej Herbaty
0%
Quebec/Miasto Quebec
0%
Rio de Janeiro
0%
Ruch Indian Amerykańskich
0%
Senatus Populusque Romanus/SPQR
0%
Siogunat Tokugawa
0%
Technokracja
0%

Rozkład punktacji

Percentyl według liczby udzielonych odpowiedzi

Procent ludzi z każdym wynikiem

Twoja historia wyników

Nie rozwiązałeś tego quizu